000 00647nam a2200253Ia 4500
003 OSt
005 20221005122504.0
006 a|||||r|||| 00| 0
007 ta
008 221004b |||||||| |||| 00| 0 tam d
024 _a48848
037 _cTextual
040 _aCRL
_cCRL
_btam
041 _2tam
_atam
082 _aO31,1M37,1, K4
100 _aMudaliyar Aranganada Au.
_9632080
245 0 _aKachi kalamlagam
260 _c1964
300 _a160p.
_ccm.
650 _a TAMIL POETRY
650 _aTAMIL LITERATURE
942 _hO31,1M37,1, K4
_cTEXL
_2cc
999 _c1044455
_d1044455